000 00256nam a22001217a 4500
082 _a823
_bVER/T
100 _aTHOMAS, VERNON
245 _aTHE THREE FRIENDS
260 _aMUMBAI
_bB-Y-S
_c1996
300 _a44
650 _aENGLISH STORY
_zINDIA
942 _cBK
999 _c7354
_d7354